Pedagogicko-psychologické aspekty expresivních terapií u jedinců se speciálními vzdělávacími potřebami /

Hlavní autor: Potměšilová, Petra, 1974-
Další autoři: Harčaríková, Terézia, Fojtíková Roubalová, Marcela, Nagyová, Kristína, 1990-, Víšková, Anna
Jazyk: Čeština
Vydáno: Olomouc : Univerzita Palackého v Olomouci, 2021
Vydání: 1. vydání
Témata:
Fyzický popis: 167 stran : ilustrace (některé barevné) ; 25 cm
Language note: České a anglické resumé
Knihy
Uloženo v:
LEADER 02287nam a2200553 i 4500
001 nkc20213377289
003 CZ PrNK
005 20220405141053.0
007 ta
008 211201s2021 xr a f 001 0 cze
015 |a cnb003377289 
020 |a 978-80-244-5989-9  |q (brožováno) 
035 |a (OCoLC)1315529240 
040 |a ABA001  |b cze  |d BOA001  |e rda 
041 0 |a cze  |b cze  |b eng 
072 7 |a 615.8  |x Fyzioterapie. Psychoterapie. Alternativní lékařství  |2 Konspekt  |9 14 
080 |a 615.851:7/8  |2 MRF 
080 |a 376  |2 MRF 
080 |a 001.87  |2 MRF 
080 |a (048.8:082)  |2 MRF 
100 1 |a Potměšilová, Petra,  |d 1974-  |7 xx0132261  |4 aut 
245 1 0 |a Pedagogicko-psychologické aspekty expresivních terapií u jedinců se speciálními vzdělávacími potřebami /  |c Petra Potměšilová, Terézia Harčaríková, Marcela Fojtíková Roubalová, Kristína Nagyová, Anna Víšková 
250 |a 1. vydání 
264 1 |a Olomouc :  |b Univerzita Palackého v Olomouci,  |c 2021 
300 |a 167 stran :  |b ilustrace (některé barevné) ;  |c 25 cm 
336 |a text  |b txt  |2 rdacontent 
337 |a bez média  |b n  |2 rdamedia 
338 |a svazek  |b nc  |2 rdacarrier 
504 |a Obsahuje bibliografii, bibliografické odkazy a rejstřík 
546 |a České a anglické resumé 
650 0 7 |a expresivní terapie  |7 ph849189  |2 czenas 
650 0 7 |a speciální pedagogika  |7 ph116230  |2 czenas 
650 0 7 |a případové studie  |7 ph124930  |2 czenas 
650 0 9 |a expressive therapy  |2 eczenas 
650 0 9 |a special education  |2 eczenas 
650 0 9 |a case studies  |2 eczenas 
655 7 |a kolektivní monografie  |7 fd501537  |2 czenas 
655 9 |a collective monographs  |2 eczenas 
700 1 |a Harčaríková, Terézia  |7 mzk2013756601  |4 aut 
700 1 |a Fojtíková Roubalová, Marcela  |7 jo2015893666  |4 aut 
700 1 |a Nagyová, Kristína,  |d 1990-  |7 xx0269482  |4 aut 
700 1 |a Víšková, Anna  |7 xx0184549  |4 aut 
910 2 |a BOA001  |b 2-1482.389 
928 9 |a Univerzita Palackého v Olomouci 
990 |a BK 
995 |a 01 
991 |b 202203  |c NOV 
996 6 |b 2610893990  |c 2-1482.389  |l MZK  |r Sklad / do 1 hodiny  |n 2  |p p.v.  |w 001878202  |u 000010  |a 1  |e BOA001  |j MZK50  |s P 
996 7 |b 2610896500  |c 2-1482.389  |l Vol.výběr  |r VV 0p  |n 4  |p kup  |h 615.8 POT  |w 001878202  |u 000020  |a 0  |e BOA001  |j MZK50  |s A